000
00332nam a2200133Ia 4500
008
100328s9999 xx 000 0 und d
082
_b
14272
100
_a
हुमणे राजाराम
245
_a
छबिना
260
_b
सुलभ
630
_a
छबिना
730
_a
छबिना
942
_c
BOOK
999
_c
509258
_d
509255